| 000 | 00402nam a2200181Ia 4500 | ||
|---|---|---|---|
| 008 | 210210b1939 xxu||||| |||| 00| 0 eng d | ||
| 041 | _aeng | ||
| 082 | _a331/128 | ||
| 100 | _aKUMAR (Sharma K) | ||
| 245 | _aIndian currency and finance | ||
| 260 |
_aCawnpur _b- _c1939 |
||
| 650 | _aIndian | ||
| 650 | _afinance | ||
| 650 | _acurrency | ||
| 650 | _aand | ||
| 690 | _aBanking | ||
| 906 | _a004030 | ||
| 999 |
_c122464 _d122464 |
||